[Event "SLO-chT 18th"]
[Site "Murska Sobota"]
[Date "2008.12.10"]
[Round "5"]
[White "Bajt, Indira"]
[Black "Guid, Matej"]
[Result "1/2-1/2"]
[WhiteElo "2200"]
[BlackElo "2311"]
[PlyCount "113"]
[EventDate "2008.12.06"]
[EventType "team-tourn"]
[EventRounds "9"]
[EventCountry "SLO"]
[SourceTitle "CBM 127 Extra"]
[Source "ChessBase"]
[SourceDate "2009.01.08"]
[SourceVersion "2"]
[SourceVersionDate "2009.01.28"]
[SourceQuality "1"]
[WhiteTeam "Krka Novo mesto"]
[BlackTeam "Ljubljana Vidmar"]
[WhiteTeamCountry "SLO"]
[BlackTeamCountry "SLO"]

1. e4 Nf6 2. e5 Ng8 3. d4 d5 4. Be3 Bf5 5. g4 Bc8 6. f4 h5 7. gxh5 Nh6 8. Be2 Bf5 9. Nc3 e6 10. Qd2 Ng4 11. 0-0-0 Rxh5 12. h3 Nxe3 13. Qxe3 Rh6 14. Bd3 Bxd3 15. Qxd3 Qd7 16. f5 exf5 17. Qf3 c6 18. Nge2 Na6 19. Rdf1 g6 20. h4 0-0-0 21. h5 Nc7 22. hxg6 fxg6 23. Nf4 g5 24. Nh5 f4 25. Nf6 Qf5 26. Ne2 Ne6 27. Ng3 Qxc2+ 28. Kxc2 Nxd4+ 29. Kd1 Nxf3 30. Rxh6 Bxh6 31. Nf5 Nxe5 32. Nxh6 Nc4 33. Rf2 Ne3+ 34. Ke2 d4 35. b3 c5 36. Ne4 c4 37. bxc4 d3+ 38. Kd2 Nxc4+ 39. Kc3 d2 40. Nxd2 Nxd2 41. Rxd2 Rxd2 42. Kxd2 b5 43. Nf7 g4 44. Nd6+ Kd7 45. Nxb5 a6 46. Nd4 Kd6 47. Kd3 Kd5 48. Ne2 Ke5 49. Ng1 a5 50. a4 f3 51. Ke3 Kd5 52. Nxf3 gxf3 53. Kxf3 Kc4 54. Ke4 Kb4 55. Kd4 Kxa4 56. Kc4 Ka3 57. Kd3 1/2-1/2

[Event "SLO-chT 18th"]
[Site "Murska Sobota"]
[Date "2008.12.09"]
[Round "4"]
[White "Gjuran, Denis"]
[Black "Bajt, Indira"]
[Result "1/2-1/2"]
[WhiteElo "2328"]
[BlackElo "2200"]
[PlyCount "104"]
[EventDate "2008.12.06"]
[EventType "team-tourn"]
[EventRounds "9"]
[EventCountry "SLO"]
[SourceTitle "CBM 127 Extra"]
[Source "ChessBase"]
[SourceDate "2009.01.08"]
[SourceVersion "2"]
[SourceVersionDate "2009.01.28"]
[SourceQuality "1"]
[WhiteTeam "Radenska Pomgrad"]
[BlackTeam "Krka Novo mesto"]
[WhiteTeamCountry "SLO"]
[BlackTeamCountry "SLO"]

1. e4 c5 2. c3 e6 3. Nf3 d5 4. exd5 exd5 5. d4 Bd6 6. dxc5 Bxc5 7. Bb5+ Nc6 8. 0-0 Nge7 9. Nbd2 0-0 10. Nb3 Bd6 11. Bd3 h6 12. h3 Bc7 13. Be3 Nf5 14. Bc5 Re8 15. Re1 Ne5 16. Nxe5 Bxe5 17. Bxf5 Bxf5 18. Bd4 Bc7 19. Rxe8+ Qxe8 20. Qf3 Qe4 21. Qxe4 dxe4 22. Re1 Bg6 23. Nc5 Re8 24. f3 f5 25. fxe4 fxe4 26. Nb3 b6 27. Be3 Bf7 28. Nd2 Bd5 29. a3 Bb8 30. Rf1 Rf8 31. Rxf8+ Kxf8 32. Kf2 Kf7 33. Bd4 Bf4 34. Be3 Be5 35. Nf1 Ke6 36. Bd4 Bf6 37. Bxf6 gxf6 38. Ke3 Ke5 39. Ng3 f5 40. Ne2 Bf7 41. g3 a6 42. Nd4 Bd5 43. Nc2 Bc4 44. Nb4 Bb5 45. h4 a5 46. Nc2 a4 47. Nd4 Bd7 48. Ne2 Kd5 49. Kd2 Kc4 50. Nd4 Kd5 51. Ke3 Kc4 52. Kd2 Kd5 1/2-1/2

[Event "SLO-ch (Women)"]
[Site "Ljubljana"]
[Date "2008.08.21"]
[Round "6"]
[White "Biti, Ana"]
[Black "Bajt, Indira"]
[Result "0-1"]
[WhiteElo "2102"]
[BlackElo "2199"]
[PlyCount "136"]
[EventDate "2008.08.17"]
[EventType "swiss"]
[EventRounds "9"]
[EventCountry "SLO"]
[SourceTitle "CBM 125 Extra"]
[Source "ChessBase"]
[SourceDate "2008.09.01"]
[SourceVersion "1"]
[SourceVersionDate "2008.09.01"]
[SourceQuality "1"]

1. e4 c5 2. Nc3 Nc6 3. Bb5 Nd4 4. Bc4 e6 5. Nf3 Nf6 6. 0-0 a6 7. d3 b5 8. Bb3 Nxb3 9. axb3 Bb7 10. e5 Nd5 11. Ne4 Be7 12. Bg5 f6 13. Bh4 0-0 14. Qd2 fxe5 15. Bxe7 Qxe7 16. Nxe5 Nf4 17. Qe3 d6 18. Nf3 e5 19. g3 Nd5 20. Qe2 Bc8 21. Nfd2 Bh3 22. Rfe1 Nb4 23. Nf1 Nc6 24. c3 d5 25. Ned2 Rf6 26. Ne3 Qf7 27. Ng2 Rf8 28. Rf1 a5 29. Rae1 Qd7 30. f4 Bxg2 31. Kxg2 exf4 32. Rxf4 Rxf4 33. gxf4 Rxf4 34. Qe6+ Qxe6 35. Rxe6 Rf6 36. Re8+ Kf7 37. Ra8 Rg6+ 38. Kf2 Ne5 39. d4 cxd4 40. cxd4 Nd3+ 41. Kf3 a4 42. bxa4 bxa4 43. Rxa4 Nxb2 44. Ra5 Rf6+ 45. Ke2 Nc4 46. Ra7+ Kf8 47. Ra8+ Ke7 48. Ra7+ Kf8 49. Ra8+ Kf7 50. Ra7+ Ke6 51. Nf3 Rg6 52. Ra6+ Nd6 53. Nh4 Rg4 54. Nf3 Rg6 55. Nh4 Rh6 56. Nf3 Kf5 57. Ra7 g5 58. Ra5 g4 59. Rxd5+ Kf4 60. Ne1 Rxh2+ 61. Kf1 Ne4 62. Ng2+ Kg3 63. Ne3 Rh1+ 64. Ke2 Nc3+ 65. Kd3 Nxd5 66. Nxd5 Rd1+ 67. Ke4 Kf2 68. Ne3 Re1 0-1

[Event "SLO-chT (Women)"]
[Site "Ljubljana"]
[Date "2007.12.01"]
[Round "3.2"]
[White "Hari, Veronika"]
[Black "Bajt, Indira"]
[Result "0-1"]
[WhiteElo "2023"]
[BlackElo "2225"]
[PlyCount "118"]
[EventDate "2007.11.29"]
[EventType "team"]
[EventRounds "9"]
[EventCountry "SLO"]
[SourceTitle "CBM 121 Extra"]
[Source "ChessBase"]
[SourceDate "2008.01.10"]
[SourceVersion "1"]
[SourceVersionDate "2008.01.10"]
[SourceQuality "1"]
[WhiteTeam "Ljubljana Metalka Trgovina (W)"]
[BlackTeam "Novo Mesto Krka (W)"]
[WhiteTeamCountry "SLO"]
[BlackTeamCountry "SLO"]

1. e4 d5 2. exd5 Qxd5 3. Nc3 Qd6 4. d4 Nf6 5. Bc4 a6 6. Nf3 b5 7. Bb3 Bb7 8. 0-0 e6 9. Re1 Be7 10. Ne5 0-0 11. Bf4 Qb6 12. Nxf7 Kxf7 13. Rxe6 Qxe6 14. Bxe6+ Kxe6 15. Qe2+ Kf7 16. g4 Re8 17. g5 Bd6 18. Be5 Nc6 19. gxf6 Nxe5 20. Ne4 Nf3+ 21. Qxf3 Bxe4 22. Qh5+ Bg6 23. Qd5+ Kxf6 24. a4 Be4 25. Qh5 g6 26. Qh6 Bd5 27. h4 Red8 28. axb5 a5 29. b3 Be4 30. c4 Bf8 31. Qf4+ Bf5 32. Qxc7 Rac8 33. Qe5+ Kf7 34. Rxa5 Kg8 35. Ra7 Re8 36. Qd5+ Be6 37. Qb7 Re7 38. Qb6 Rce8 39. Rxe7 Rxe7 40. Qa5 Bg4 41. b6 Bf3 42. Qc3 Rf7 43. c5 Bd5 44. c6 Rf3 45. Qc2 Rh3 46. Kf1 Bf3 47. Qc4+ Kh8 48. Ke1 Bh6 49. c7 Rh1+ 50. Qf1 Rxf1+ 51. Kxf1 Bb7 52. d5 Bf8 53. Ke2 Kg7 54. Kd3 Kf6 55. Kc4 Ke5 56. b4 Bxd5+ 57. Kb5 Bb7 58. c8Q Bxc8 59. Kc6 Bxb4 0-1

[Event "SLO-chT2"]
[Site "Ljubljana"]
[Date "2007.11.23"]
[Round "6.4"]
[White "Bajt, Indira"]
[Black "Loviscek, Matjaz"]
[Result "1-0"]
[WhiteElo "2225"]
[BlackElo "2029"]
[PlyCount "75"]
[EventDate "2007.11.15"]
[EventType "team"]
[EventRounds "9"]
[EventCountry "SLO"]
[SourceTitle "CBM 121 Extra"]
[Source "ChessBase"]
[SourceDate "2008.01.10"]
[SourceVersion "1"]
[SourceVersionDate "2008.01.10"]
[SourceQuality "1"]
[WhiteTeam "Krka Novo Mesto"]
[BlackTeam "Nova Gorica"]
[WhiteTeamCountry "SLO"]
[BlackTeamCountry "SLO"]

1. e4 Nf6 2. Nc3 d5 3. exd5 Nxd5 4. Bc4 Nb6 5. Bb3 c5 6. Qh5 e6 7. d3 Nc6 8. Bg5 Be7 9. Nf3 h6 10. Bxe7 Qxe7 11. Ne4 Nd7 12. 0-0 g6 13. Qh3 Nf6 14. Rfe1 Nxe4 15. dxe4 e5 16. Qg3 g5 17. Rad1 f6 18. c3 Bd7 19. Nd2 0-0-0 20. Nc4 Be6 21. Ne3 Bxb3 22. axb3 Qe6 23. Qg4 Rhe8 24. Rxd8+ Nxd8 25. Rd1 Nf7 26. Rd5 b6 27. Nf5 Kc7 28. Qd1 Rh8 29. Qd3 h5 30. Qc4 Kb7 31. Qd3 Kc7 32. Qa6 Kb8 33. h3 g4 34. h4 Rg8 35. Rxc5 Qxb3 36. Rd5 Rd8 37. Ne7 Rxd5 38. Qc8# 1-0

[Event "SLO-chT2"]
[Site "Ljubljana"]
[Date "2007.11.17"]
[Round "4.4"]
[White "Bajt, Indira"]
[Black "Turicnik, Vlado"]
[Result "1-0"]
[WhiteElo "2225"]
[BlackElo "2020"]
[PlyCount "73"]
[EventDate "2007.11.15"]
[EventType "team"]
[EventRounds "9"]
[EventCountry "SLO"]
[SourceTitle "CBM 121 Extra"]
[Source "ChessBase"]
[SourceDate "2008.01.10"]
[SourceVersion "1"]
[SourceVersionDate "2008.01.10"]
[SourceQuality "1"]
[WhiteTeam "Krka Novo Mesto"]
[BlackTeam "Kranj Stari Mayr"]
[WhiteTeamCountry "SLO"]
[BlackTeamCountry "SLO"]

1. e4 c5 2. Nf3 Nc6 3. d4 cxd4 4. Nxd4 Nf6 5. Nc3 e5 6. Ndb5 d6 7. Bg5 a6 8. Na3 b5 9. Bxf6 gxf6 10. Nd5 f5 11. Bd3 Be6 12. 0-0 Bxd5 13. exd5 Ne7 14. Re1 Bg7 15. c3 0-0 16. Qh5 e4 17. Bf1 Qc8 18. Rad1 Ng6 19. Nc2 Re8 20. Nd4 f4 21. Nc6 Ne5 22. Rxe4 Nxc6 23. Rxe8+ Qxe8 24. dxc6 Qxc6 25. Bd3 h6 26. Qf5 Re8 27. Qxf4 Qc5 28. g3 Qe5 29. Qf3 Rb8 30. Be4 b4 31. Rd5 Qe7 32. Rf5 bxc3 33. bxc3 Rb5 34. Bd5 Qe1+ 35. Kg2 Qxc3 36. Bxf7+ Kh8 37. Qa8+ 1-0

[Event "SLO-ch qual"]
[Site "Ljubljana"]
[Date "2007.07.14"]
[Round "8"]
[White "Bajt, Indira"]
[Black "Buzeti, Jernej"]
[Result "1-0"]
[WhiteElo "2224"]
[BlackElo "2108"]
[PlyCount "113"]
[EventDate "2007.07.05"]
[EventType "swiss"]
[EventRounds "9"]
[EventCountry "SLO"]
[SourceTitle "EXT 2010"]
[Source "ChessBase"]
[SourceDate "2010.11.25"]
[SourceVersion "1"]
[SourceVersionDate "2010.11.25"]
[SourceQuality "1"]

1. e4 c5 2. Nf3 Nc6 3. d4 cxd4 4. Nxd4 Nf6 5. Nc3 e5 6. Ndb5 d6 7. Bg5 a6 8. Na3 b5 9. Bxf6 gxf6 10. Nd5 Bg7 11. Bd3 Ne7 12. Nxe7 Qxe7 13. c4 0-0 14. 0-0 f5 15. Qf3 Qb7 16. exf5 Qxf3 17. gxf3 bxc4 18. Be4 Rb8 19. Nxc4 d5 20. Bxd5 Bxf5 21. Rad1 Rfd8 22. Rfe1 Kf8 23. b3 f6 24. Ne3 Bh3 25. Be4 Bh6 26. Bxh7 Rxd1 27. Rxd1 Rb7 28. Rd8+ Ke7 29. Be4 Rc7 30. Rd1 Kf8 31. Kh1 Bxe3 32. fxe3 Rg7 33. Rd2 f5 34. Bd5 a5 35. Be6 Rg6 36. Bc4 Ke7 37. Bb5 f4 38. exf4 exf4 39. Bc4 Rg7 40. Rf2 Kd6 41. Bf1 Bf5 42. Rg2 Re7 43. Rd2+ Kc5 44. Kg1 a4 45. bxa4 Ra7 46. Rb2 Kd4 47. a5 Be6 48. a6 Bd5 49. Kf2 Rh7 50. h3 Rc7 51. Rd2+ Ke5 52. Bd3 Rc3 53. h4 Ra3 54. h5 Kf6 55. h6 Bxa2 56. h7 Kg7 57. Be4 1-0